[Event "Otvoreno prvenstvo Subotice 2014"]
[Site "Subotica"]
[Date "2014.02.19"]
[Round "1"]
[White "Nadj Hedjesi, Balind"]
[Black "Mester, Robert"]
[Result "1-0"]
[WhiteElo "2397"]
[BlackElo "1933"]
[PlyCount "37"]
[EventDate "2014.02.19"]

1. e4 e5 2. d4 exd4 3. Qxd4 Nc6 4. Qe3 Bb4+ 5. Nc3 d6 6. Bd2 Nge7 7. O-O-O Ng6
8. h4 O-O 9. Qg3 f5 10. Bc4+ Kh8 11. h5 Nge5 12. Bb3 Nd4 13. Bg5 Nxb3+ 14. axb3
Qe8 15. Nd5 Ba5 16. h6 g6 17. f4 Ng4 18. b4 Bb6 19. Qc3+ 1-0

[Event "Otvoreno prvenstvo Subotice 2014"]
[Site "Subotica"]
[Date "2014.02.19"]
[Round "1"]
[White "Nemeth, Tibor G"]
[Black "Arbutina, Sinisa"]
[Result "0-1"]
[WhiteElo "1928"]
[BlackElo "2285"]
[PlyCount "62"]
[EventDate "2014.02.19"]

1. f4 d5 2. Nf3 c5 3. e3 Nc6 4. Bb5 Bd7 5. Nc3 Nf6 6. b3 a6 7. Bxc6 Bxc6 8. Ne5
Qc7 9. O-O e6 10. Bb2 Bd6 11. Ne2 b5 12. Ng3 Bb7 13. Nh5 Nxh5 14. Qxh5 g6 15.
Qh4 Be7 16. Qf2 Rf8 17. a4 b4 18. c4 f6 19. Nf3 dxc4 20. bxc4 Rd8 21. Qe2 Kf7
22. d4 Rc8 23. Rac1 Bc6 24. Qc2 Rfd8 25. Rfd1 Qb7 26. Kf2 Be4 27. Qb3 Rd7 28.
Ba1 Rcd8 29. dxc5 Bxf3 30. gxf3 Rd2+ 31. Kg3 Qd7 0-1

[Event "Otvoreno prvenstvo Subotice 2014"]
[Site "Subotica"]
[Date "2014.02.19"]
[Round "1"]
[White "Meszaros, Bela"]
[Black "Vucelic, Rade"]
[Result "1-0"]
[WhiteElo "2259"]
[BlackElo "1917"]
[PlyCount "81"]
[EventDate "2014.02.19"]

1. e4 e6 2. d3 d5 3. Nd2 c5 4. Ngf3 Nc6 5. g3 Nf6 6. Bg2 Be7 7. O-O O-O 8. Re1
b6 9. e5 Nd7 10. Nf1 Qc7 11. Bf4 Re8 12. h4 Nf8 13. h5 Bb7 14. N1h2 Rac8 15.
Ng4 Nd4 16. Ng5 Qd8 17. Nh3 Nf5 18. Qd2 a5 19. c3 Nd7 20. Ng5 Nf8 21. Bf3 Bc6
22. Kg2 h6 23. Nh3 d4 24. Bxc6 Rxc6 25. c4 Nh7 26. Rh1 Rc8 27. Nh2 Bg5 28. Nf3
Bxf4 29. Qxf4 g5 30. hxg6 fxg6 31. Qe4 Kg7 32. Rh2 Qd7 33. Rah1 Rh8 34. Nf4 Nf8
35. g4 Ne7 36. Ne2 Ng8 37. Ng3 Rh7 38. Qf4 Qe7 39. Ne4 Nd7 40. g5 h5 41. Nf6
1-0

[Event "Otvoreno prvenstvo Subotice 2014"]
[Site "Subotica"]
[Date "2014.02.19"]
[Round "1"]
[White "Pardic, Oliver"]
[Black "Kovac, Zoltan"]
[Result "1/2-1/2"]
[WhiteElo "2258"]
[BlackElo "2031"]
[PlyCount "22"]
[EventDate "2014.02.19"]

1. e4 c5 2. Nf3 d6 3. d4 cxd4 4. Nxd4 Nc6 5. c4 Nf6 6. f3 e6 7. Nc3 Be7 8. Be2
O-O 9. Be3 a6 10. Qd2 b6 11. O-O Bb7 1/2-1/2

[Event "Otvoreno prvenstvo Subotice 2014"]
[Site "Subotica"]
[Date "2014.02.19"]
[Round "1"]
[White "Jelovac, Ivko"]
[Black "Kler, Borko"]
[Result "1/2-1/2"]
[WhiteElo "1901"]
[BlackElo "2254"]
[PlyCount "72"]
[EventDate "2014.02.19"]

1. e4 c5 2. Nf3 d6 3. d4 cxd4 4. Nxd4 Nf6 5. Nc3 e6 6. Bc4 Be7 7. Be3 a6 8. Bb3
b5 9. f3 Bb7 10. Bxe6 fxe6 11. Nxe6 Qd7 12. Nxg7+ Kf7 13. Nf5 b4 14. Ne2 Nc6
15. Bf4 Rhd8 16. Qd2 d5 17. Nh6+ Kg7 18. Nf5+ Kh8 19. Nh6 Qe6 20. e5 Nd7 21.
Nd4 Nxd4 22. Qxd4 Bc5 23. Qd3 Nxe5 24. Qe2 Kg7 25. Ng4 Nxf3+ 26. gxf3 Re8 27.
Be5+ Kf7 28. O-O-O h5 29. Qd3 Qg6 30. Rhf1 Qxd3 31. Rxd3 hxg4 32. fxg4+ Kg6 33.
Rf6+ Kg5 34. Rf5+ Kxg4 35. Rf4+ Kg5 36. Rg3+ Kh5 1/2-1/2

[Event "Otvoreno prvenstvo Subotice 2014"]
[Site "Subotica"]
[Date "2014.02.19"]
[Round "1"]
[White "Pajzer, Istvan"]
[Black "Bosnjak, Slobodan"]
[Result "1-0"]
[WhiteElo "2157"]
[BlackElo "1854"]
[PlyCount "53"]
[EventDate "2014.02.19"]

1. e4 e5 2. Nf3 d6 3. Bc4 Be7 4. O-O Nf6 5. Nc3 O-O 6. d4 Bg4 7. dxe5 dxe5 8.
Qxd8 Rxd8 9. Nxe5 Bh5 10. Be3 Bd6 11. Nd3 Bg6 12. f3 Nc6 13. Rad1 Ne5 14. Bb3
Nxd3 15. Rxd3 a6 16. g4 Be5 17. Rfd1 Rxd3 18. Rxd3 h6 19. h4 Kf8 20. h5 Bh7 21.
Bd4 Bf4 22. Bxf6 gxf6 23. Rd7 Bg8 24. Nd5 Be5 25. c3 Rc8 26. f4 Ke8 27. Re7+
1-0

[Event "Otvoreno prvenstvo Subotice 2014"]
[Site "Subotica"]
[Date "2014.02.19"]
[Round "1"]
[White "Bicskei, Mihaly"]
[Black "Kosa, Jeno"]
[Result "1-0"]
[WhiteElo "1853"]
[BlackElo "2073"]
[PlyCount "97"]
[EventDate "2014.02.19"]

1. e4 c5 2. Nf3 g6 3. d4 cxd4 4. Nxd4 Nc6 5. Nxc6 bxc6 6. c4 Bg7 7. Nc3 Qc7 8.
Be2 Nf6 9. Be3 O-O 10. O-O d6 11. f3 Be6 12. Rc1 Rab8 13. b3 Qa5 14. Qd2 Rfd8
15. Na4 Qxd2 16. Bxd2 Nd7 17. Be3 Nb6 18. Nc3 c5 19. Nd5 Bxd5 20. cxd5 a5 21.
Rb1 Rb7 22. Rfc1 Rdb8 23. Kf1 Nd7 24. Ke1 a4 25. Bd1 h5 26. f4 Rb4 27. Bc2 Bc3+
28. Bd2 Bxd2+ 29. Kxd2 axb3 30. Rxb3 Nf6 31. Rxb4 Rxb4 32. Re1 Kg7 33. h3 Nd7
34. Rb1 Rd4+ 35. Kc3 Nf6 36. Re1 h4 37. a4 Nd7 38. a5 Nb8 39. Rb1 Na6 40. Rb6
Nb4 41. a6 Nxc2 42. Kxc2 Ra4 43. Kb3 Ra5 44. Kc4 f6 45. Rb7 Kf7 46. a7 g5 47.
fxg5 fxg5 48. e5 dxe5 49. d6 1-0

[Event "Otvoreno prvenstvo Subotice 2014"]
[Site "Subotica"]
[Date "2014.02.19"]
[Round "1"]
[White "Puhalo, Zdravko"]
[Black "Lanji, Laslo"]
[Result "1-0"]
[WhiteElo "2064"]
[BlackElo "1839"]
[PlyCount "135"]
[EventDate "2014.02.19"]

1. d4 d5 2. f4 Nf6 3. Nf3 Nc6 4. e3 a6 5. a3 Bg4 6. Bd3 e6 7. Nbd2 h6 8. h3
Bxf3 9. Qxf3 Bd6 10. b4 b5 11. Nb3 Rb8 12. Bd2 Ne7 13. c3 c6 14. g4 g6 15. Kd1
Nh7 16. Kc2 f5 17. Rhg1 Kd7 18. a4 Qb6 19. h4 Rhg8 20. axb5 axb5 21. Ra5 Nf6
22. gxf5 gxf5 23. Rga1 Nc8 24. Ra6 Qc7 25. Na5 Rb6 26. Ra8 Rb8 27. Nb3 Rxa8 28.
Rxa8 Qb7 29. Ra1 Rg4 30. Be2 Ne4 31. Qh3 Rg8 32. Qh2 Qc7 33. h5 Nb6 34. Bd3 Na4
35. Rg1 Qd8 36. Bxe4 fxe4 37. Rg6 Rxg6 38. hxg6 Bf8 39. Qh5 Qf6 40. Qg4 Bg7 41.
Be1 Qf5 42. Qg2 Qh5 43. Nc5+ Nxc5 44. bxc5 Qf5 45. Kb3 Qf8 46. Qa2 Qb8 47. Bg3
Qb7 48. Qa5 Bf6 49. Bh4 Bxh4 50. g7 Qc8 51. Qb6 Qa8 52. g8=Q Qxg8 53. Qb7+ Ke8
54. Qxc6+ Kf7 55. Qd7+ Be7 56. f5 exf5 57. Qxf5+ Bf6 58. c6 Qd8 59. Qh5+ Kg7
60. Qe2 Qb6 61. Qg4+ Kf8 62. Qe6 Kg7 63. Qd7+ Kg6 64. c7 b4 65. cxb4 Qa6 66.
c8=Q Qd3+ 67. Ka4 Qd1+ 68. Ka5 1-0

[Event "Otvoreno prvenstvo Subotice 2014"]
[Site "Subotica"]
[Date "2014.02.19"]
[Round "1"]
[White "Rajic, Ivan"]
[Black "Smit, Jovan"]
[Result "1-0"]
[WhiteElo "2020"]
[BlackElo "1817"]
[PlyCount "62"]
[EventDate "2014.02.19"]

1. e4 c5 2. Nf3 Nc6 3. d4 cxd4 4. Nxd4 d6 5. c4 Nf6 6. Nc3 Qb6 7. Nc2 g6 8. Be2
Bg7 9. O-O O-O 10. Rb1 a6 11. a3 Be6 12. Ne3 Rac8 13. Ncd5 Qd8 14. Nxf6+ Bxf6
15. Nd5 Bg7 16. Be3 Bxd5 17. cxd5 Ne5 18. Bd4 b5 19. b3 Qa5 20. Ra1 Nd7 21.
Bxg7 Kxg7 22. Qd4+ f6 23. Bg4 Rfd8 24. a4 Qc3 25. Qa7 Rc7 26. Qxa6 Nc5 27. Qxb5
Nxb3 28. Ra3 Nd4 29. Rxc3 Nxb5 30. Rxc7 Nxc7 31. Rc1 Na6 1-0

[Event "Otvoreno prvenstvo Subotice 2014"]
[Site "Subotica"]
[Date "2014.02.19"]
[Round "1"]
[White "Solymosi, Andras"]
[Black "Vecseri, Julius"]
[Result "1-0"]
[WhiteElo "1788"]
[BlackElo "2020"]
[PlyCount "69"]
[EventDate "2014.02.19"]

1. Nf3 d5 2. d4 Nf6 3. g3 e6 4. Bg2 Be7 5. O-O O-O 6. Nbd2 b6 7. c4 c5 8. b3
Bb7 9. Bb2 Nbd7 10. Rc1 Rc8 11. e3 Re8 12. Ne5 Ne4 13. Nxe4 dxe4 14. Nxd7 Qxd7
15. dxc5 Qxd1 16. Rfxd1 Bxc5 17. Rd7 Re7 18. Rcd1 Kf8 19. Bxg7+ Ke8 20. Rxe7+
Kxe7 21. Bd4 Ke8 22. Bxc5 bxc5 23. Kf1 a5 24. Ke2 Bc6 25. f3 f5 26. fxe4 fxe4
27. Rf1 a4 28. Rf4 axb3 29. axb3 Rb8 30. Bxe4 Bxe4 31. Rxe4 Rxb3 32. Rxe6+ Kd7
33. Rh6 Rc3 34. Rxh7+ Kd6 35. Rh5 1-0

[Event "Otvoreno prvenstvo Subotice 2014"]
[Site "Subotica"]
[Date "2014.02.19"]
[Round "1"]
[White "Matkovic, Jovan"]
[Black "Szabo, Nikita"]
[Result "1-0"]
[WhiteElo "2017"]
[BlackElo "1638"]
[PlyCount "53"]
[EventDate "2014.02.19"]

1. e4 c5 2. Nf3 Nc6 3. d4 cxd4 4. Nxd4 Nf6 5. Nc3 g6 6. Be3 Bg7 7. f3 O-O 8.
Qd2 d5 9. Nxc6 bxc6 10. e5 Ne8 11. f4 Nc7 12. O-O-O Ba6 13. g4 e6 14. h4 Qe7
15. Qf2 Rfb8 16. Bc5 Qd8 17. Ne4 Bxf1 18. Qxf1 a5 19. g5 Na6 20. Ba3 Qb6 21.
Nf6+ Bxf6 22. gxf6 Qe3+ 23. Rd2 Nc5 24. Rh3 Qe4 25. Bxc5 Rb5 26. Ba3 Rab8 27.
h5 1-0

[Event "Otvoreno prvenstvo Subotice 2014"]
[Site "Subotica"]
[Date "2014.02.19"]
[Round "1"]
[White "Miljkovic, Vukasin"]
[Black "Bacsa, Zoltan"]
[Result "1/2-1/2"]
[WhiteElo "1683"]
[BlackElo "1654"]
[PlyCount "20"]
[EventDate "2014.02.19"]

1. d4 d5 2. c4 c6 3. Nf3 Nf6 4. Nc3 Bf5 5. Qb3 Qb6 6. Qxb6 axb6 7. e3 Nbd7 8.
a3 e6 9. Be2 Be7 10. O-O O-O 1/2-1/2

[Event "Otvoreno prvenstvo Subotice 2014"]
[Site "Subotica"]
[Date "2014.02.21"]
[Round "2.2"]
[White "Arbutina, Sinisa"]
[Black "Takacs, Tibor"]
[Result "1-0"]
[WhiteElo "2285"]
[BlackElo "1998"]
[PlyCount "67"]
[EventDate "2014.02.19"]

1. d4 d5 2. c4 c6 3. Nc3 Bf5 4. Bf4 e6 5. Qb3 Qb6 6. c5 Qxb3 7. axb3 Nd7 8. b4
f6 9. Nf3 Be4 10. Nxe4 dxe4 11. Nd2 g5 12. Bg3 f5 13. e3 Bg7 14. Nc4 Ke7 15.
Na5 e5 16. Nxb7 f4 17. Na5 Rc8 18. b5 exd4 19. Nxc6+ Rxc6 20. bxc6 Nxc5 21.
Rxa7+ Kf8 22. Ra8+ Kf7 23. Bc4+ Ne6 24. exf4 Ne7 25. Rxh8 Bxh8 26. c7 gxf4 27.
Bxf4 Kf6 28. Bg3 h6 29. Bh4+ Ng5 30. f4 exf3 31. O-O Kg6 32. Bxg5 hxg5 33. Re1
Bf6 34. Rxe7 1-0

[Event "Otvoreno prvenstvo Subotice 2014"]
[Site "Subotica"]
[Date "2014.02.21"]
[Round "2.4"]
[White "Hegedus, Antal"]
[Black "Pajzer, Istvan"]
[Result "0-1"]
[WhiteElo "1972"]
[BlackElo "2157"]
[PlyCount "146"]
[EventDate "2014.02.19"]

1. d4 Nf6 2. c4 g6 3. Nc3 Bg7 4. Nf3 O-O 5. e4 d6 6. Be2 e5 7. dxe5 dxe5 8. Bg5
Nbd7 9. Qd2 c6 10. O-O Qc7 11. Rad1 Nc5 12. Bxf6 Bxf6 13. b4 Ne6 14. c5 a5 15.
a3 axb4 16. axb4 Nd4 17. Nxd4 exd4 18. Nb1 Be6 19. f4 Bg7 20. e5 Ra2 21. Qe1
Rd8 22. Rd2 Ra1 23. Bd3 b5 24. Qe2 Qd7 25. Rb2 Rda8 26. Nd2 Bg4 27. Qf2 R1a3
28. Be4 Re3 29. h3 Be6 30. Bb1 Raa3 31. Ne4 Bxh3 32. Qh4 Bf5 33. Nd6 Bxb1 34.
Rbxb1 Re2 35. Ra1 Ra4 36. Rxa4 bxa4 37. Ra1 d3 38. Rxa4 h6 39. Ra8+ Kh7 40. Kf1
Rb2 41. Ra1 Qe6 42. Qh3 Qxh3 43. gxh3 Rxb4 44. Rd1 Rxf4+ 45. Kg2 Bxe5 46. Rxd3
Kg7 47. Nb7 Rd4 48. Rxd4 Bxd4 49. Nd8 Bxc5 50. Nxc6 f5 51. Ne5 Bd6 52. Nc4 Bc7
53. Kf3 g5 54. Ne3 Kg6 55. Nd5 Bd6 56. Ne3 Be7 57. Kg2 Kf6 58. Kf3 Bc5 59. Nc4
Ke6 60. Nb2 Kd5 61. Nd3 Bd6 62. Nf2 h5 63. Nd3 Kd4 64. Ke2 Bg3 65. Nb4 Ke4 66.
Nd3 Bd6 67. Ne1 h4 68. Ng2 Bg3 69. Ne3 Be5 70. Ng2 Bd4 71. Ne1 g4 72. hxg4 fxg4
73. Kf1 h3 0-1

[Event "Otvoreno prvenstvo Subotice 2014"]
[Site "Subotica"]
[Date "2014.02.21"]
[Round "2.5"]
[White "Janjusevic, Branislav"]
[Black "Puhalo, Zdravko"]
[Result "1-0"]
[WhiteElo "1965"]
[BlackElo "2064"]
[PlyCount "96"]
[EventDate "2014.02.19"]

1. e4 d6 2. d4 Nf6 3. Nc3 Nc6 4. h3 e5 5. d5 Ne7 6. Be3 Ng6 7. Bd3 Be7 8. Nge2
a6 9. a4 O-O 10. O-O c5 11. f4 exf4 12. Nxf4 Ne5 13. Be2 Rb8 14. Kh2 Bd7 15. a5
Bc8 16. Qe1 Nfd7 17. Rg1 Bh4 18. Bf2 Bg5 19. Bg3 b6 20. axb6 Qxb6 21. b3 g6 22.
Na4 Qc7 23. Qf1 Ra8 24. c4 Rb8 25. Rb1 Bf6 26. Qd1 Bg7 27. Rf1 Rb4 28. Be1 Rb8
29. Bc3 Re8 30. Qc2 a5 31. Qd2 Qd8 32. Qe1 Qe7 33. Nd3 Nxd3 34. Bxd3 Bxc3 35.
Qxc3 Ne5 36. Bc2 Qh4 37. Qe1 Qe7 38. Qf2 Kg7 39. Qg3 h5 40. Qf4 g5 41. Qd2 f6
42. Rf2 Ng6 43. Qc3 Rf8 44. Rbf1 Bd7 45. Nb2 Ne5 46. Nd3 Ng6 47. Re1 Rh8 48.
Ref1 Rbf8 1-0

[Event "Otvoreno prvenstvo Subotice 2014"]
[Site "Subotica"]
[Date "2014.02.21"]
[Round "2.6"]
[White "Tomik, Lajos"]
[Black "Doslov, Ostoja"]
[Result "1-0"]
[WhiteElo "2052"]
[BlackElo "1875"]
[PlyCount "31"]
[EventDate "2014.02.19"]

1. d4 e6 2. Nf3 Nf6 3. c4 d5 4. Nc3 dxc4 5. e3 Bb4 6. Bxc4 c5 7. O-O O-O 8. a3
cxd4 9. exd4 Be7 10. Qe2 a6 11. Bd3 Nc6 12. Rd1 Qc7 13. Bg5 Ng4 14. Bxe7 Nxd4
15. Bxh7+ Kxh7 16. Rxd4 1-0

[Event "Otvoreno prvenstvo Subotice 2014"]
[Site "Subotica"]
[Date "2014.02.21"]
[Round "2.7"]
[White "Bicskei, Mihaly"]
[Black "Rajic, Ivan"]
[Result "0-1"]
[WhiteElo "1853"]
[BlackElo "2020"]
[PlyCount "106"]
[EventDate "2014.02.19"]

1. e4 e5 2. Nf3 Nc6 3. Bb5 Bc5 4. O-O d6 5. c3 Bd7 6. d4 Bb6 7. Re1 Qe7 8. a4
a6 9. Bxc6 Bxc6 10. dxe5 dxe5 11. b4 Rd8 12. Qe2 Bd7 13. Ba3 Qf6 14. a5 Ba7 15.
Nbd2 Ne7 16. c4 O-O 17. b5 Rfe8 18. Bb2 Ng6 19. g3 Bg4 20. Ra3 h5 21. Qf1 h4
22. Kh1 Rd6 23. h3 Be6 24. Bc3 Red8 25. Bb4 R6d7 26. Kg2 Bd4 27. Rd3 c5 28.
bxc6 bxc6 29. Nxd4 Rxd4 30. Rxd4 exd4 31. f4 Bc8 32. f5 Ne5 33. g4 Bd7 34. Bc5
Qg5 35. Nf3 Nxf3 36. Kxf3 Rb8 37. Bb6 Qe7 38. c5 Qe5 39. Qf2 g5 40. Rd1 Qf4+
41. Kg2 Qxe4+ 42. Kg1 Re8 43. Qxd4 Qf3 {[%cal Gd4d3]} 44. Qd3 Re1+ 45. Rxe1
Qxd3 46. Re7 Qg3+ 47. Kf1 Qxh3+ 48. Ke1 Qg3+ 49. Kd2 h3 50. Rxd7 h2 51. Bc7
Qf2+ 52. Kc3 Qxc5+ 53. Kb3 h1=Q 0-1

[Event "Otvoreno prvenstvo Subotice 2014"]
[Site "Subotica"]
[Date "2014.02.21"]
[Round "2.8"]
[White "Kler, Borko"]
[Black "Solymosi, Andras"]
[Result "1/2-1/2"]
[WhiteElo "2254"]
[BlackElo "1788"]
[PlyCount "72"]
[EventDate "2014.02.19"]

1. e4 c5 2. Nf3 d6 3. d4 cxd4 4. Nxd4 Nf6 5. Nc3 a6 6. f4 Nbd7 7. Be2 e6 8. O-O
Be7 9. Bf3 O-O 10. Qe1 Qc7 11. g4 Rb8 12. g5 Ne8 13. f5 Ne5 14. Bg2 Qc5 15.
Nce2 Nc6 16. Qf2 Nxd4 17. Nxd4 e5 18. Nb3 Qxf2+ 19. Rxf2 f6 20. h4 fxg5 21.
hxg5 d5 22. Bd2 a5 23. f6 gxf6 24. gxf6 Nxf6 25. Bxa5 b6 26. Bc3 d4 27. Bd2 Bb7
28. Bg5 Rf7 29. Raf1 Rbf8 30. Rf5 Bxe4 31. Rxe5 Bxg2 32. Kxg2 Bd6 33. Ref5 Ne8
34. Rxf7 Rxf7 35. Rxf7 Kxf7 36. Nxd4 Kg6 1/2-1/2

[Event "Otvoreno prvenstvo Subotice 2014"]
[Site "Subotica"]
[Date "2014.02.21"]
[Round "2.9"]
[White "Bacsa, Zoltan"]
[Black "Pardic, Oliver"]
[Result "0-1"]
[WhiteElo "1654"]
[BlackElo "2258"]
[PlyCount "74"]
[EventDate "2014.02.19"]

1. e4 c5 2. Nf3 Nc6 3. Bc4 e6 4. d4 cxd4 5. Nxd4 Nf6 6. Nxc6 bxc6 7. Bd3 d5 8.
Bg5 h6 9. Bxf6 Qxf6 10. c3 Bc5 11. O-O O-O 12. exd5 exd5 13. Nd2 Rb8 14. Rb1
Re8 15. Qf3 Qg5 16. Nb3 Bd6 17. h3 Qe5 18. Qg3 Qxg3 19. fxg3 Re3 20. Bc2 Rxg3
21. Bf5 Ba6 22. Rf2 Bc4 23. Nd4 g6 24. Bg4 Rxc3 25. Rd1 Rd3 26. Rxd3 Bxd3 27.
Rd2 Bb1 28. Nxc6 Rb6 29. Nxa7 Bxa2 30. Rc2 Bc4 31. Nc8 Bc5+ 32. Kh1 Rb8 33. h4
h5 34. b3 Rxb3 35. Be2 Rb8 36. Bxc4 dxc4 37. Rxc4 Rxc8 0-1

[Event "Otvoreno prvenstvo Subotice 2014"]
[Site "Subotica"]
[Date "2014.02.21"]
[Round "2.10"]
[White "Sedlak, Ivan"]
[Black "Jelovac, Ivko"]
[Result "1/2-1/2"]
[WhiteElo "2126"]
[BlackElo "1901"]
[PlyCount "59"]
[EventDate "2014.02.19"]

1. e4 c5 2. Nf3 d6 3. d4 cxd4 4. Nxd4 Nf6 5. Nc3 a6 6. g3 b5 7. a3 Bb7 8. Bg2
Nbd7 9. O-O e5 10. Nf5 Nc5 11. Bg5 g6 12. Ne3 Be7 13. Bxf6 Bxf6 14. Ncd5 Bg7
15. Qe2 O-O 16. Rfd1 Rc8 17. c3 Re8 18. b4 Na4 19. Rd3 Nb6 20. Nxb6 Qxb6 21.
Rad1 Bf8 22. h4 Qd8 23. Qa2 Kg7 24. c4 Qc7 25. cxb5 axb5 26. h5 Qd8 27. h6+ Kg8
28. Ng4 Qg5 29. Rf3 Re6 30. Ne3 1/2-1/2

[Event "Otvoreno prvenstvo Subotice 2014"]
[Site "Subotica"]
[Date "2014.02.21"]
[Round "2.11"]
[White "Kovac, Zoltan"]
[Black "Miljkovic, Vukasin"]
[Result "1-0"]
[WhiteElo "2031"]
[BlackElo "1683"]
[PlyCount "77"]
[EventDate "2014.02.19"]

1. d4 f5 2. f4 Nf6 3. Nf3 d6 4. c4 b6 5. Nc3 Bb7 6. e3 e6 7. Bd3 h6 8. Qc2 Nbd7
9. e4 fxe4 10. Nxe4 Qe7 11. Nxf6+ Nxf6 12. Bg6+ Kd7 13. O-O c6 14. Re1 Bc8 15.
Bd2 Kc7 16. f5 Bd7 17. fxe6 Be8 18. Bd3 Bh5 19. d5 c5 20. b4 g5 21. bxc5 dxc5
22. Qc3 Qd6 23. Qxf6 Be7 24. Qe5 Bxf3 25. Qxd6+ Kxd6 26. gxf3 Raf8 27. Bc3 Bf6
28. Bxf6 Rxf6 29. Re3 Ke7 30. Rd1 Rd8 31. Kg2 a6 32. Be2 Rd6 33. Rb1 Rf8 34.
Reb3 Rb8 35. Kg3 h5 36. f4 gxf4+ 37. Kxf4 b5 38. Rg1 Rf8+ 39. Ke5 1-0

[Event "Otvoreno prvenstvo Subotice 2014"]
[Site "Subotica"]
[Date "2014.02.21"]
[Round "2.13"]
[White "Vecseri, Julius"]
[Black "Sijan, Branko"]
[Result "1/2-1/2"]
[WhiteElo "2020"]
[BlackElo "1826"]
[PlyCount "50"]
[EventDate "2014.02.19"]

1. d4 Nf6 2. Nf3 d5 3. g3 g6 4. Bg2 Bg7 5. O-O Nc6 6. b3 O-O 7. Bb2 Re8 8. Nbd2
b6 9. e3 a5 10. c3 Bg4 11. h3 Bd7 12. a4 Qc8 13. Ne5 Nxe5 14. dxe5 Ne4 15. Nxe4
dxe4 16. Kh2 Bxe5 17. Qd5 Bg7 18. Qxe4 Rb8 19. Qc2 Rd8 20. Rad1 c5 21. Rd2 Be6
22. Rfd1 Qc7 23. c4 Rxd2 24. Rxd2 Rd8 25. Bxg7 Kxg7 1/2-1/2

[Event "Otvoreno prvenstvo Subotice 2014"]
[Site "Subotica"]
[Date "2014.02.21"]
[Round "2.14"]
[White "Mester, Robert"]
[Black "Smit, Jovan"]
[Result "1/2-1/2"]
[WhiteElo "1933"]
[BlackElo "1817"]
[PlyCount "55"]
[EventDate "2014.02.19"]

1. e4 c5 2. f4 Nc6 3. Nf3 d6 4. c3 g6 5. d4 cxd4 6. cxd4 Bg7 7. Bb5 Bd7 8. O-O
Qb6 9. Bxc6 Bxc6 10. Nc3 Nf6 11. Re1 O-O 12. Kh1 Rad8 13. Qb3 Qxb3 14. axb3 a6
15. d5 Bd7 16. Be3 Rc8 17. Bd4 Nh5 18. Bxg7 Kxg7 19. g3 e6 20. dxe6 Bxe6 21.
Nd4 Nf6 22. e5 dxe5 23. Rxe5 Bd7 24. Re7 Rfe8 25. Rae1 Rxe7 26. Rxe7 Re8 27.
Rxe8 Bxe8 28. Kg2 1/2-1/2

[Event "Otvoreno prvenstvo Subotice 2014"]
[Site "Subotica"]
[Date "2014.02.21"]
[Round "2.15"]
[White "Szabo, Nikita"]
[Black "Nemeth, Tibor G"]
[Result "1/2-1/2"]
[WhiteElo "1638"]
[BlackElo "1928"]
[PlyCount "44"]
[EventDate "2014.02.19"]

1. d4 d5 2. c4 e5 3. dxe5 d4 4. Nf3 Nc6 5. g3 Nge7 6. Bg2 Ng6 7. O-O Ngxe5 8.
Nxe5 Nxe5 9. Qa4+ c6 10. Bf4 Ng6 11. Bd2 Be7 12. e3 d3 13. Qb3 O-O 14. Be4 Bh3
15. Rd1 a5 16. a4 Qd7 17. Qxd3 Qe6 18. Bg2 Rfd8 19. Qb3 Bxg2 20. Kxg2 Ne5 21.
Bc3 Rxd1 22. Qxd1 Qxc4 1/2-1/2

[Event "Otvoreno prvenstvo Subotice 2014"]
[Site "Subotica"]
[Date "2014.02.21"]
[Round "2.1"]
[White "Matkovic, Jovan"]
[Black "Nadj Hedjesi, Balind"]
[Result "0-1"]
[WhiteElo "2017"]
[BlackElo "2397"]
[PlyCount "56"]
[EventDate "2014.02.19"]

1. e4 g6 2. d4 Bg7 3. Nc3 c5 4. Nf3 cxd4 5. Nxd4 Nc6 6. Be3 Nf6 7. Bc4 Qa5 8.
O-O O-O 9. Nb3 Qc7 10. Qe2 Ne5 11. Bd3 Neg4 12. f4 Nxe3 13. Qxe3 Ng4 14. Qf3
Bxc3 15. bxc3 d6 16. h3 Nf6 17. c4 Be6 18. Nd2 Rac8 19. Rab1 Qa5 20. Qe3 Rc7
21. e5 dxe5 22. fxe5 Nd7 23. Rb5 Qxa2 24. Qh6 Rfc8 25. Rf4 Qa1+ 26. Kh2 a6 27.
Rh4 Nf8 28. Rb3 Qxe5+ 0-1

[Event "Otvoreno prvenstvo Subotice 2014"]
[Site "Subotica"]
[Date "2014.02.24"]
[Round "3.1"]
[White "Nadj Hedjesi, Balind"]
[Black "Tomik, Lajos"]
[Result "1-0"]
[WhiteElo "2397"]
[BlackElo "2052"]
[PlyCount "51"]
[EventDate "2014.02.19"]

1. e4 c5 2. Ne2 Nc6 3. g3 g6 4. Bg2 Bg7 5. c3 Qb6 6. O-O d6 7. h3 e6 8. Na3
Nge7 9. b3 O-O 10. Bb2 e5 11. d4 cxd4 12. cxd4 Nxd4 13. Nxd4 exd4 14. Nc4 Qc7
15. Bxd4 Bxd4 16. Qxd4 Rd8 17. Rac1 Nc6 18. Qf6 Be6 19. Ne3 Qa5 20. f4 Qxa2 21.
f5 Bxb3 22. Ng4 Rac8 23. Nh6+ Kf8 24. fxg6 hxg6 25. Ra1 Qd2 26. Nxf7 1-0

[Event "Otvoreno prvenstvo Subotice 2014"]
[Site "Subotica"]
[Date "2014.02.24"]
[Round "3.2"]
[White "Rajic, Ivan"]
[Black "Arbutina, Sinisa"]
[Result "0-1"]
[WhiteElo "2020"]
[BlackElo "2285"]
[PlyCount "84"]
[EventDate "2014.02.19"]

1. e4 e5 2. Nf3 Nc6 3. Bb5 a6 4. Ba4 d6 5. h3 Nf6 6. d3 g6 7. Nc3 Bg7 8. Bg5 h6
9. Be3 Bd7 10. a3 O-O 11. Qd2 Kh7 12. Bb3 Ng8 13. Qe2 Na5 14. Ba2 c5 15. Nd5
Nc6 16. O-O f5 17. b4 Nd4 18. Nxd4 cxd4 19. Bd2 f4 20. f3 Nf6 21. Rfc1 Nh5 22.
Be1 Rc8 23. c3 dxc3 24. Rc2 Qg5 25. h4 Qd8 26. Rac1 Ng3 27. Bxg3 fxg3 28. Kf1
Qxh4 29. Qe3 h5 30. Qg1 Bh6 31. Rb1 Bd2 32. Ke2 Qg5 33. Nb6 Rcd8 34. Nc4 h4 35.
Nxd2 cxd2 36. Rxd2 h3 37. gxh3 Rxf3 38. Rf1 Rf4 39. Qg2 Rdf8 40. Rxf4 exf4 41.
Kd1 f3 42. Qf1 g2 0-1

[Event "Otvoreno prvenstvo Subotice 2014"]
[Site "Subotica"]
[Date "2014.02.24"]
[Round "3.3"]
[White "Pajzer, Istvan"]
[Black "Janjusevic, Branislav"]
[Result "1/2-1/2"]
[WhiteElo "2157"]
[BlackElo "1965"]
[PlyCount "46"]
[EventDate "2014.02.19"]

1. d4 d5 2. c4 e6 3. Nc3 Nf6 4. Bg5 Be7 5. e3 c5 6. Bxf6 Bxf6 7. cxd5 cxd4 8.
exd4 exd5 9. Bb5+ Nc6 10. Nge2 O-O 11. O-O Bg4 12. f3 Be6 13. Kh1 Qd6 14. Qd2
a6 15. Bxc6 bxc6 16. Na4 Rae8 17. Nc5 Bc8 18. Rfe1 Re7 19. Ng3 Rxe1+ 20. Rxe1
Bh4 21. f4 Qg6 22. Qd3 Qd6 23. Re5 Bf6 1/2-1/2

[Event "Otvoreno prvenstvo Subotice 2014"]
[Site "Subotica"]
[Date "2014.02.24"]
[Round "3.4"]
[White "Meszaros, Bela"]
[Black "Kovac, Zoltan"]
[Result "1/2-1/2"]
[WhiteElo "2259"]
[BlackElo "2031"]
[PlyCount "76"]
[EventDate "2014.02.19"]

1. e4 c6 2. d4 d5 3. exd5 cxd5 4. c4 Nf6 5. Nc3 Nc6 6. Nf3 Bg4 7. Be2 e6 8. c5
Be7 9. Bb5 O-O 10. Bxc6 bxc6 11. O-O Ne4 12. Qd3 Nxc3 13. Qxc3 Bxf3 14. Qxf3
Bf6 15. Qe3 Rb8 16. Rb1 Rb4 17. Rd1 Qb8 18. f4 a5 19. b3 a4 20. Rd3 Qc7 21. Bd2
Rb5 22. b4 g6 23. a3 h5 24. Qf3 Kg7 25. Rf1 Rh8 26. Be1 Kf8 27. Qd1 Qa7 28. Rh3
Rb8 29. Bg3 Re8 30. Qd3 h4 31. Bf2 Rb8 32. Qd1 Kg7 33. Kh1 Qa6 34. Rc3 Rh5 35.
Rg1 Rbh8 36. Qf3 Qb5 37. Rb1 Rf5 38. Qg4 Kf8 1/2-1/2

[Event "Otvoreno prvenstvo Subotice 2014"]
[Site "Subotica"]
[Date "2014.02.24"]
[Round "3.5"]
[White "Solymosi, Andras"]
[Black "Mandovic, Mirko"]
[Result "1-0"]
[WhiteElo "1788"]
[BlackElo "2010"]
[PlyCount "90"]
[EventDate "2014.02.19"]

1. Nf3 Nf6 2. d4 g6 3. g3 Bg7 4. Bg2 d6 5. O-O O-O 6. c4 Nbd7 7. Nc3 c6 8. b3
Rb8 9. Bb2 Re8 10. Qc2 Nb6 11. Rfd1 d5 12. cxd5 cxd5 13. Rac1 a6 14. h3 Bf5 15.
Qd2 Qd6 16. Nh4 Bd7 17. Qf4 Qb4 18. g4 Rbc8 19. Qd2 Bc6 20. g5 Nh5 21. Bf3 Bd7
22. Bxh5 gxh5 23. Kg2 e5 24. Nf3 exd4 25. Nxd4 Qd6 26. Nf3 Qe6 27. Rh1 h6 28.
h4 d4 29. Na4 Qg4+ 30. Kf1 Nxa4 31. Rxc8 Bxc8 32. bxa4 Kh7 33. gxh6 Bf6 34.
Ng5+ Bxg5 35. hxg5 Qe4 36. f3 Qb1+ 37. Kg2 Qf5 38. Rxh5 Kg6 39. Rh4 Qxg5+ 40.
Qxg5+ Kxg5 41. Rh2 Rxe2+ 42. Kg3 Rxh2 43. Bc1+ Kg6 44. Kxh2 Bd7 45. a5 Bf5 1-0